Institutions and Determinants of Firm Survival in European Emerging Markets

Analýza vplyvu kvality inštitúcií na prežitie firiem v 15 európskych rozvíjajúcich sa krajinách. Použitie modelu Coxových pomerných rizík s veľkých súborom údajov o firmách v rokoch 2006-2015.

Gespeichert in:
Bibliographische Detailangaben
1. Verfasser: Baumöhl, Eduard, 1982-
Weitere Verfasser: Iwasaki, Ichiro, Kočenda, Evžen
Format: Buchkapitel
Sprache:Englisch
Schlagworte:
Tags: Tag hinzufügen
Keine Tags, Fügen Sie das erste Tag hinzu!

MARC

LEADER 00000naa a2200000 4500
001 0259424
005 20240502074113.6
041 0 |a eng 
044 |a SK 
245 1 0 |a Institutions and Determinants of Firm Survival in European Emerging Markets  |c Eduard Baumöhl, Ichiro Iwasaki, Evžen Kočenda 
520 |a Analýza vplyvu kvality inštitúcií na prežitie firiem v 15 európskych rozvíjajúcich sa krajinách. Použitie modelu Coxových pomerných rizík s veľkých súborom údajov o firmách v rokoch 2006-2015. 
610 2 0 |a podnik 
610 2 0 |a inštitúcie verejnoprávne 
610 2 0 |a krajiny tranzitívne 
610 2 0 |a Európa 
610 2 0 |a riziko 
100 1 |a Baumöhl, Eduard, 1982- 
700 1 |a Iwasaki, Ichiro 
700 1 |a Kočenda, Evžen